header

Elementary-particle physics (Record no. 60750)

MARC details
000 -LEADER
fixed length control field 01270nam a2200277 a 4500
082 04 - DEWEY DECIMAL CLASSIFICATION NUMBER
Classification number 539.7/2
245 00 - TITLE STATEMENT
Title Elementary-particle physics
260 ## - PUBLICATION, DISTRIBUTION, ETC. (IMPRINT)
Place of publication Washington, D.C. :
Name of publisher National Academy Press,
Year of publication 1998.
300 ## - PHYSICAL DESCRIPTION
Number of Pages xiv, 173 p., [4] p. of plates :
Other physical details ill. (some col.), maps.
650 #0 - SUBJECT ADDED ENTRY--TOPICAL TERM
Topical Term Particles (Nuclear physics)
Topical Term Particle accelerators.
856 40 - ELECTRONIC LOCATION AND ACCESS
Uniform Resource Identifier http://site.ebrary.com/lib/rucke/Doc?id=10041117

No items available.

© 2026 Rongo University
Contact us: librarian | system librarian | Rongo university